| 000 | 01054nam a22002417a 4500 | ||
|---|---|---|---|
| 999 |
_c16605 _d16605 |
||
| 003 | AR-CdUCM | ||
| 008 | 190503b ||||| |||| 00| 0 spa d | ||
| 040 |
_aMUNICIPALIDAD PROVINCIAL DEL CUSCO _cBIBLIOTECA MUNICIPAL DEL CUSCO |
||
| 082 |
_a330.904 / _bJ19 |
||
| 100 |
_aJames, Emile. _936141 |
||
| 245 | _aHistoria del pensamiento económico en el siglo XX. / | ||
| 260 |
_aMéxico : _bFondo de cultura económica, _c1957. |
||
| 300 |
_a582 paginas ; _c24 cm. |
||
| 500 | _aTitulo original : Historie de la pensée économique au XX siecle | ||
| 505 | _aContenido : Revisión del marxismo -- Los planes de ciudades futuras -- El socialismo revolucionario -- Las primeras superaciones de la economía marginalista y de la teoría del equilibrio -- El papel del tiempo... | ||
| 650 |
_aTeoría de la ocupación _936142 |
||
| 650 |
_aEL dinero _936143 |
||
| 650 |
_aEl sindicalismo _936144 |
||
| 650 |
_aPolítica Keynesiana _936145 |
||
| 700 |
_aGonzales Pedrero, Enrique (Traducción) _936146 |
||
| 942 |
_2ddc _cLIBROS |
||
| 945 |
_awnts _d2019-05-3 |
||